000 00659nam a2200193Ii 4500
003 JO-AjNU
008 230605s9999||||xx |||||||||||||| ||und||
040 _aJO-AjNU
_bara
_erda
_cJO-AjNU
041 _aara
050 1 4 _aPR2802 A61 1981
100 3 _aشكسبير، وليم؛ تعريب ا.ر.مشاطي؛ اشراف نظير عبود,
_eauthor
_957017
245 0 0 _aانطونيوس وكليوباترا
264 3 1 _aد.م: دار مارون عبود، 1981
300 _a168ص
336 _atext
_btxt
_2rdacontent
337 _aunmediated
_bn
_2rdamedia
338 _avolume
_bnc
_2rdacarrier
650 4 _aالسرحيات الانجليزية
_957018
999 _aA25526
_c29094
_d29094